000 00511nam a2200145Ia 4500
008 231217s9999 xx 000 0 und d
041 _aEnglish
082 _a001.64404 DAV;1 R
100 _aDavidson, Carl Voss, Philip
245 0 _aKnowledge management : an introduction to creating competitive advantage from intellectual capital
260 _c2003
_bVision Bks
_aNew Delhi
300 _a192
650 _aKnowledge,management,:,an,creating,competitive,advantage,from,intellectual,capital
942 _cAA
999 _c170808
_d170808